| 000 | 00564nam a2200217Ia 4500 | ||
|---|---|---|---|
| 003 | OSt | ||
| 005 | 20220928145936.0 | ||
| 006 | a|||||r|||| 00| 0 | ||
| 007 | ta | ||
| 008 | 220927b |||||||| |||| 00| 0 eng d | ||
| 024 | _a85826 | ||
| 037 | _cTextual | ||
| 040 |
_aSDCL _cSDCL _beng |
||
| 041 |
_2eng _aeng |
||
| 082 | _aO-:g, M6 | ||
| 100 |
_aRuppert Peter _9514710 |
||
| 245 | 0 |
_aReader in a strange land _b The activity of reading literary Utopia |
|
| 260 | _c1986 | ||
| 942 |
_hO-:g, M6 _cTEXL _2CC |
||
| 999 |
_c838058 _d838058 |
||